The anthropology of pre-capitalist societies
Αποθηκεύτηκε σε:
| Άλλοι συγγραφείς: | , |
|---|---|
| Μορφή: | Βιβλίο |
| Γλώσσα: | English |
| Δημοσίευση: |
London :
Macmillan ,
1981
|
| Σειρά: | Critical social studies
|
| Θέματα: | |
| Ετικέτες: |
Προσθήκη ετικέτας
Δεν υπάρχουν, Καταχωρήστε ετικέτα πρώτοι!
|
MARC
| LEADER | 00000cam a2200000 i 4500 | ||
|---|---|---|---|
| 001 | 1/73161 | ||
| 008 | 960219s1981 eng d | ||
| 020 | |a 0-333-23418-9 | ||
| 035 | |l 10003173 | ||
| 040 | |a GR-MY-UA |b gre |e aacr | ||
| 041 | 0 | |a eng | |
| 082 | 0 | |a 306.2 | |
| 245 | 1 | 4 | |a The anthropology of pre-capitalist societies / |c edited by Joel S. Kahn and Josep R. Llobera |
| 260 | |a London : |b Macmillan , |c 1981 | ||
| 300 | |a xii, 329 p.; |b ill.; |c 22 cm | ||
| 490 | 1 | |a Critical social studies | |
| 500 | |a Distributor from label on t.p | ||
| 504 | |a Includes bibliographical references | ||
| 650 | 0 | 0 | |a Marxist anthropology. |
| 650 | 0 | 0 | |a Economic anthropology. |
| 700 | 1 | |a Kahn, Joel S. |4 edt | |
| 700 | 1 | |a Llobera, Josep R. |4 edt | |
| 830 | 0 | |a Critical social studies | |
| 852 | |a INST |b LESVOS |e 20150418 |h 306.2 ANT |p 005100007234 |q 005100007234 |t BK |y 0 | ||
| 909 | |a Λ |b 02893 | ||